00653 a2200193 4500010001400000020002300014035001300037037001500050082001100065090001700076100001800093245004600111260004200157270005800199300002400257942002500281999001700306952013600323 aENG-89616 a8128811819c150.00 aEN-73149 bDBAD / PUB14a181.41 c11304d113041 aPaliwal, B.B.1 aMessage of the darshans/cby B.B. Paliwal aNew DelhibDiamond Pocket Booksc2007 aX-30, Okhla Indl. Area, Phase-II,bNew Delhie110 020 a124p.c22 cm (pbk) adplcENk 181.4/ PAL c10998d10998 00102ddc40718NFICaDBADbDBADeDBAD/PUBg150.00l0o181.41 PALpEN-73149r2008-09-15 00:00:00t1u12101v150.00w2008-09-15yEN